Vliv globalizace na vzdělávání marketingových manažerů

Zdroje motivácie pre vzdelávanie marketingových odborníkov období globalizácie v Českej republike. Príčiny vývoja, ktorý vedie k zrastaniu a zjednocovaniu jednotlivých trhov a zvyšovaniu záujmu o vzdelávanie v oblasti marketingu.

Salvato in:
Dettagli Bibliografici
Autore principale: Němec, František
Natura: Capitolo di libro
Lingua:ceco
Soggetti:
Tags: Aggiungi Tag
Nessun Tag, puoi essere il primo ad aggiungerne!!

MARC

LEADER 00000naa a2200000 4500
001 r046786
005 20230921120719.0
041 0 |a cze 
044 |a CZ 
245 1 0 |a Vliv globalizace na vzdělávání marketingových manažerů  |c František Němec 
520 |a Zdroje motivácie pre vzdelávanie marketingových odborníkov období globalizácie v Českej republike. Príčiny vývoja, ktorý vedie k zrastaniu a zjednocovaniu jednotlivých trhov a zvyšovaniu záujmu o vzdelávanie v oblasti marketingu. 
610 2 0 |a vzdelávanie 
610 2 0 |a marketing 
610 2 0 |a manažéri 
610 2 0 |a Česko 
610 2 0 |a globalizácia 
610 2 0 |a marketing manažment 
610 2 0 |a technológie informačné 
610 2 0 |a logistika 
610 2 0 |a pracovníci kvalifikovaní 
100 1 |a Němec, František